טוען...

Ethnobiological information in Kautilya Arthasastra/

מידע ביבליוגרפי
מחבר ראשי: Priyadarsan Sensarma
פורמט: Printed Book
יצא לאור: Calcutta: Naya Prokash, 1998.
נושאים:
LEADER 00613nam a22001691a 4500
020 |a 9788185421360 
082 |a 330  |b PRI/E 
100 |a Priyadarsan Sensarma   |9 153440 
245 |a Ethnobiological information in Kautilya Arthasastra/  |c by Priyadarsan Sensarma  
260 |a Calcutta:  |b Naya Prokash,  |c 1998. 
300 |a 167p. 
650 |a Arthasastra  |9 153441 
650 |a Economics  |9 153442 
650 |a Social Sciences  |9 153443 
942 |c BK 
999 |c 13981  |d 13981 
952 |0 0  |1 0  |4 0  |6 330_000000000000000_PRI_E  |7 0  |9 20041  |a SSUS  |b SSUS  |d 2015-01-08  |g 325.00  |l 6  |o 330 PRI/E  |p 036115  |r 2019-12-13  |s 2019-11-06  |v 0.00  |w 2015-01-08  |y BK